000 004460000a22001810004500
003 MACL
005 20150731151717.0
008 150731b xxu||||| |||| 00| 0 eng d
040 _aMACL
_cMACL
041 _aEnglish
082 _a360/KUM
100 _aKumari, Ranjana
_91460
245 _aBrides Are Not For Burning
260 _bRadinat Publishing
_c1989
_aNew Delhi
350 _a100
650 _aSocial Science
_93790
942 _cBK
_k360
_2ddc
999 _c6533
_d6533